[Event "FIDE World Bl Team Pool B"]
[Site "London ENG"]
[Date "2025.06.14"]
[Round "2.5"]
[White "QUICKPEN, Deborah Ebimobo-ere"]
[Black "Injac, Teodora"]
[Result "0-1"]
[WhiteTitle "WCM"]
[BlackTitle "IM"]
[WhiteElo "2081"]
[BlackElo "2457"]
[WhiteTeam "Mother Continent"]
[BlackTeam "Freedom"]
[WhiteFideId "8511616"]
[BlackFideId "932400"]
[EventDate "2025.06.14"]
[EventType "team"]

1. Nf3 Nf6 2. c4 g6 3. Nc3 Bg7 4. d4 d6 5. e4 O-O 6. Be2 Na6 7. O-O e5 8. d5 Nc5
9. Qc2 a5 10. Be3 Ng4 11. Bxc5 dxc5 12. h3 Nh6 13. Rad1 f6 14. d6 cxd6 15. Nb5
Nf7 16. Rd3 f5 17. Rdd1 Qe7 18. a4 Ra6 19. Rd2 Bh6 20. Rdd1 Nd8 21. Qd3 Rf6 22.
Qc3 Nc6 23. Qd3 Nd4 24. Nc3 Be6 25. Nxd4 exd4 26. Nd5 Bxd5 27. exd5 Rf8 28. Rfe1
Re8 29. b3 Rb6 30. Qc2 Rb4 31. Kf1 Qc7 32. Bd3 Rxe1+ 33. Rxe1 Qb6 34. Re8+ Bf8
35. Qe2 Qc7 36. Qe6+ Qf7 37. Qc8 Rxb3 38. Ke2 Ra3 39. Qd8 Kg7 40. Qxa5 Qxe8+ 41.
Kd2 Qxa4 42. Qc7+ Kg8 43. Qd8 Qa5+ 0-1

[Event "FIDE World Bl Team Pool B"]
[Site "London ENG"]
[Date "2025.06.14"]
[Round "2.6"]
[White "Mani, Sarbartho"]
[Black "Amoako Philip Selikem Yao"]
[Result "1-0"]
[WhiteElo "1847"]
[BlackElo "1948"]
[WhiteTeam "Freedom"]
[BlackTeam "Mother Continent"]
[WhiteFideId "366112022"]
[BlackFideId "12602256"]
[EventDate "2025.06.14"]
[EventType "team"]

1. d4 Nf6 2. Nf3 d5 3. g3 g6 4. Bg2 Bg7 5. O-O O-O 6. Nbd2 c5 7. c3 Nc6 8. e3
Re8 9. dxc5 e5 10. Re1 Bf5 11. a3 e4 12. Nd4 Bg4 13. Nxc6 bxc6 14. Qc2 Nd7 15.
b4 Ne5 16. Bf1 Qd7 17. Bb2 Bh3 18. Be2 Bg4 19. Bf1 Rab8 20. c4 dxc4 21. Bxe5
Bxe5 22. Rac1 c3 23. Nc4 Bg7 24. Nd6 Re7 25. Be2 Bxe2 26. Qxe2 a5 27. bxa5 1-0

[Event "FIDE World Bl Team Pool B"]
[Site "London ENG"]
[Date "2025.06.14"]
[Round "2.1"]
[White "Martinez Alcantara, Jose Eduardo"]
[Black "Adams, Michael"]
[Result "1/2-1/2"]
[WhiteTitle "GM"]
[BlackTitle "GM"]
[WhiteElo "2611"]
[BlackElo "2659"]
[WhiteTeam "Theme International Trading"]
[BlackTeam "Malcolm's Mates"]
[WhiteFideId "3805662"]
[BlackFideId "400041"]
[EventDate "2025.06.14"]
[EventType "team"]

1. e4 e5 2. Nf3 Nc6 3. Bb5 a6 4. Ba4 Nf6 5. O-O Be7 6. Re1 b5 7. Bb3 O-O 8. d3
d6 9. c3 Na5 10. Bc2 c5 11. Nbd2 Re8 12. a4 Bd7 13. Nf1 b4 14. Bg5 h6 15. Bxf6
Bxf6 16. Ne3 Be6 17. Nd2 Bg5 18. Ndc4 Bxe3 19. Nxe3 b3 20. Bb1 d5 21. d4 cxd4
22. cxd4 exd4 23. Nxd5 Bxd5 24. exd5 Qxd5 25. Bd3 Nc6 26. Rxe8+ Rxe8 27. Bxa6
Nb4 28. Bb5 Re6 29. Qd2 Nc2 30. Rd1 h5 31. Bd3 Qc6 32. a5 g6 33. h3 Qc5 34. Bf1
Re5 35. a6 Re7 36. Qf4 Qb6 37. Qf3 Kg7 38. Bc4 Ra7 39. Qxb3 Qxb3 40. Bxb3 Nb4
41. Bc4 d3 42. Bxd3 Nxd3 43. Rxd3 Rxa6 44. Kf1 Ra1+ 45. Ke2 Rb1 46. Rd2 h4 47.
Kf3 g5 48. Ke4 Kg6 49. f3 Kf6 50. Re2 Ke6 51. f4 f6 52. fxg5 fxg5 53. Rf2 Rc1
54. Kd4 Rb1 55. Kc3 Ke5 56. b4 Ke4 57. Rb2 Rc1+ 58. Kb3 Kd5 59. Rd2+ Kc6 60. Rf2
Rg1 61. Kc4 Kb7 62. Kb5 Kc7 63. Rc2+ Kb7 64. Kc5 Kc7 65. Rf2 Rc1+ 66. Kb5 Rc3
67. Rd2 Rg3 68. Kc5 g4 69. hxg4 Rxg4 70. b5 Rg5+ 71. Kb4 Kb6 72. Rd6+ Kb7 73.
Ka5 Rxg2 74. Rd7+ Kc8 75. Rh7 Rg6 76. Rxh4 Kb7 77. Rh7+ Kb8 78. b6 Rg1 1/2-1/2

[Event "FIDE World Bl Team Pool B"]
[Site "London ENG"]
[Date "2025.06.14"]
[Round "2.2"]
[White "Vitiugov, Nikita"]
[Black "Jumabayev, Rinat"]
[Result "1/2-1/2"]
[WhiteTitle "GM"]
[BlackTitle "GM"]
[WhiteElo "2671"]
[BlackElo "2546"]
[WhiteTeam "Malcolm's Mates"]
[BlackTeam "Theme International Trading"]
[WhiteFideId "4152956"]
[BlackFideId "13702661"]
[EventDate "2025.06.14"]
[EventType "team"]

1. e4 e5 2. Nf3 Nc6 3. Bb5 a6 4. Ba4 Nf6 5. d3 d6 6. c3 Bd7 7. O-O g6 8. Re1 Bg7
9. h3 O-O 10. Nbd2 Re8 11. Nf1 Qb8 12. Ng3 a5 13. Bb5 Qc8 14. a4 Nb8 15. Bxd7
Nbxd7 16. d4 c6 17. Bg5 h6 18. Bd2 Qc7 19. Qc2 Nf8 20. Be3 Qe7 21. Nd2 Ne6 22.
dxe5 dxe5 23. Nc4 Nd7 24. Rad1 Red8 25. Nb6 Nxb6 26. Bxb6 Rxd1 27. Rxd1 Bf8 28.
Qb3 Qe8 29. Qc4 Be7 30. Nf1 Bd8 31. Be3 Bg5 32. Bb6 Bd8 33. Qb3 Bxb6 34. Qxb6
Qe7 35. Qb3 Nc5 36. Qc4 Ne6 37. Qb3 Nc5 38. Qc4 Ne6 39. Qb3 1/2-1/2

[Event "FIDE World Bl Team Pool B"]
[Site "London ENG"]
[Date "2025.06.14"]
[Round "2.3"]
[White "Le, Tuan Minh"]
[Black "Saric, Ivan"]
[Result "1-0"]
[WhiteTitle "GM"]
[BlackTitle "GM"]
[WhiteElo "2598"]
[BlackElo "2661"]
[WhiteTeam "Theme International Trading"]
[BlackTeam "Malcolm's Mates"]
[WhiteFideId "12401153"]
[BlackFideId "14508150"]
[EventDate "2025.06.14"]
[EventType "team"]

1. d4 d6 2. e4 g6 3. Nf3 Bg7 4. Bc4 Nf6 5. Qe2 Nc6 6. h3 e5 7. dxe5 Nxe5 8. Bb3
O-O 9. O-O c6 10. Nc3 Qe7 11. Rd1 Nxf3+ 12. Qxf3 Be6 13. Bg5 h6 14. Bh4 Rad8 15.
Rd3 Rfe8 16. Re3 Bxb3 17. axb3 a6 18. Rd1 Qe6 19. Bg3 Nh7 20. Qg4 Qxg4 21. hxg4
Bxc3 22. bxc3 d5 23. f3 dxe4 24. Rxd8 Rxd8 25. Rxe4 Nf6 26. Re2 Kf8 27. c4 h5
28. Be5 Rd1+ 29. Kf2 Nd7 30. Bf4 hxg4 31. fxg4 f6 32. g5 Kf7 33. gxf6 Nxf6 34.
Bg5 b5 35. cxb5 axb5 36. Kf3 Nd5 37. Bd2 Kf6 38. g4 Rf1+ 39. Ke4 Rg1 40. Kf3
Rf1+ 41. Kg2 Rb1 42. Kg3 Rg1+ 43. Kf3 Rf1+ 44. Ke4 Rg1 45. g5+ Ke6 46. c4 bxc4
47. bxc4 Ne7 48. Be3 Rg4+ 49. Kd3 Nf5 50. Bc1+ Kd6 51. Ba3+ c5 52. Bc1 Rg3+ 53.
Ke4 Rc3 1-0

[Event "FIDE World Bl Team Pool B"]
[Site "London ENG"]
[Date "2025.06.14"]
[Round "2.4"]
[White "McShane, Luke J"]
[Black "Tin, Jingyao"]
[Result "1-0"]
[WhiteTitle "GM"]
[BlackTitle "GM"]
[WhiteElo "2615"]
[BlackElo "2583"]
[WhiteTeam "Malcolm's Mates"]
[BlackTeam "Theme International Trading"]
[WhiteFideId "404853"]
[BlackFideId "5804418"]
[EventDate "2025.06.14"]
[EventType "team"]

1. e4 e5 2. Nf3 Nc6 3. Bb5 a6 4. Bxc6 dxc6 5. O-O f6 6. d4 Bg4 7. dxe5 Qxd1 8.
Rxd1 fxe5 9. Rd3 Bd6 10. Nbd2 Nf6 11. b3 O-O 12. Bb2 Rae8 13. Re1 b5 14. Nf1 Nd7
15. N3d2 Nc5 16. Rc3 Bd7 17. Rce3 Ne6 18. Rf3 c5 19. Rxf8+ Rxf8 20. Ne3 Nd4 21.
c3 Ne6 22. Nd5 c6 23. Ne3 Nf4 24. Nf3 Bc7 25. Rd1 Bc8 26. Kf1 a5 27. c4 Re8 28.
Bxe5 Bxe5 29. Nxe5 Rxe5 30. Rd8+ Kf7 31. Rxc8 Rxe4 32. Rxc6 bxc4 33. bxc4 Nd3
34. Ra6 Nb2 35. Rxa5 Nxc4 36. Rxc5 Nxe3+ 37. fxe3 Rxe3 38. Rc2 Ra3 39. Re2 Rc3
40. Ke1 Rc1+ 41. Kd2 Ra1 42. Kc3 h5 43. Kb3 g5 44. h3 g4 45. hxg4 hxg4 46. Re4
Rb1+ 47. Kc2 Ra1 48. Kb2 Rf1 49. Rxg4 Ke6 50. Re4+ 1-0

[Event "FIDE World Bl Team Pool B"]
[Site "London ENG"]
[Date "2025.06.14"]
[Round "2.5"]
[White "Gong, Qianyun"]
[Black "Bulmaga, Irina"]
[Result "0-1"]
[WhiteTitle "WGM"]
[BlackTitle "IM"]
[WhiteElo "2228"]
[BlackElo "2393"]
[WhiteTeam "Theme International Trading"]
[BlackTeam "Malcolm's Mates"]
[WhiteFideId "8602425"]
[BlackFideId "13903063"]
[EventDate "2025.06.14"]
[EventType "team"]

1. e4 e5 2. Nf3 Nc6 3. Bc4 Bc5 4. d3 Nf6 5. Bg5 h6 6. Bh4 d6 7. c3 a6 8. a4 Ba7
9. Nbd2 Qe7 10. b4 g5 11. Bg3 Nd7 12. Bb3 Nf8 13. Nc4 Ng6 14. b5 Nd8 15. Ne3 c6
16. h4 g4 17. Nd2 h5 18. Qc2 Bxe3 19. fxe3 axb5 20. Rb1 bxa4 21. Bxa4 O-O 22.
Bb3 Kg7 23. d4 f5 24. exf5 Bxf5 25. e4 exd4 26. cxd4 d5 27. O-O Bxe4 28. Nxe4
Qxe4 29. Qxe4 dxe4 30. Rxf8 Kxf8 31. Bc2 Kg7 32. Bxe4 Ra4 33. Rd1 Ne6 34. Bf2
Ngf4 35. Bc2 Ra2 36. Bb3 Rb2 37. Bc4 Nd5 38. Re1 Kf6 39. Bg3 Nef4 40. Rf1 Rxg2+
41. Kh1 Rxg3 0-1

[Event "FIDE World Bl Team Pool B"]
[Site "London ENG"]
[Date "2025.06.14"]
[Round "2.6"]
[White "Omarov, Murat"]
[Black "Zhang, Changjie"]
[Result "1-0"]
[WhiteElo "1823"]
[BlackElo "1808"]
[WhiteTeam "Malcolm's Mates"]
[BlackTeam "Theme International Trading"]
[WhiteFideId "13731173"]
[BlackFideId "5801877"]
[EventDate "2025.06.14"]
[EventType "team"]

1. e4 e6 2. d4 d5 3. Nd2 dxe4 4. Nxe4 Be7 5. Nf3 Nf6 6. Bd3 b6 7. Qe2 Bb7 8. c3
Nbd7 9. a4 c5 10. O-O O-O 11. Bf4 Rc8 12. Rfd1 Nxe4 13. Bxe4 Bxe4 14. Qxe4 Nf6
15. Qb7 Qd5 16. Qxe7 Qf5 17. Bg3 Nd5 18. Qg5 Qc2 19. Qd2 Qf5 20. c4 Nb4 21. d5
exd5 22. cxd5 Rcd8 23. d6 Rfe8 24. h3 h6 25. a5 Nc2 26. Rac1 Nd4 27. Nxd4 cxd4
28. axb6 axb6 29. Qxd4 Re2 30. Qxb6 Rd7 31. b4 g5 32. Qc5 Qe6 33. b5 h5 34.
Qxg5+ Kh7 35. Qxh5+ Kg7 36. Qg4+ Qxg4 37. hxg4 Rb2 38. Rc7 Rd8 39. Bh4 1-0

[Event "FIDE World Bl Team Pool B"]
[Site "London ENG"]
[Date "2025.06.14"]
[Round "2.1"]
[White "Gallana, Marco"]
[Black "Aronian, Levon"]
[Result "0-1"]
[BlackTitle "GM"]
[WhiteElo "2215"]
[BlackElo "2742"]
[WhiteTeam "Hammersmith Chess Club"]
[BlackTeam "Hexamind Chess Team"]
[WhiteFideId "824542"]
[BlackFideId "13300474"]
[EventDate "2025.06.14"]
[EventType "team"]

1. Nf3 Nf6 2. c4 b6 3. g3 c5 4. Bg2 Bb7 5. O-O g6 6. Nc3 Bg7 7. d4 cxd4 8. Qxd4
d6 9. Bg5 Nbd7 10. Qd2 h6 11. Bxf6 Nxf6 12. Nd4 Bxg2 13. Kxg2 Rc8 14. b3 d5 15.
e3 dxc4 16. Nce2 Qd5+ 17. Nf3 O-O 18. Rac1 0-1

[Event "FIDE World Bl Team Pool B"]
[Site "London ENG"]
[Date "2025.06.14"]
[Round "2.2"]
[White "Murzin, Volodar"]
[Black "Villiers, Thomas"]
[Result "1-0"]
[WhiteTitle "GM"]
[BlackTitle "CM"]
[WhiteElo "2666"]
[BlackElo "2158"]
[WhiteTeam "Hexamind Chess Team"]
[BlackTeam "Hammersmith Chess Club"]
[WhiteFideId "44155573"]
[BlackFideId "427209"]
[EventDate "2025.06.14"]
[EventType "team"]

1. d4 d5 2. Nf3 Nf6 3. Bf4 e6 4. e3 Bd6 5. Nbd2 Bxf4 6. exf4 O-O 7. Bd3 b6 8.
Qe2 Bb7 9. c3 c5 10. O-O Nc6 11. a3 Qd6 12. g3 Rac8 13. Rfd1 cxd4 14. cxd4 Rc7
15. Qe3 Rfc8 16. Ne5 Nd7 17. Ndf3 f6 18. Nxd7 Qxd7 19. Re1 Re8 20. Rad1 Na5 21.
Qe2 Nc4 22. h4 Nd6 23. Nd2 Qa4 24. Nb1 Bc8 25. Nc3 Qd7 26. Nb5 Rb7 27. Nxd6 Qxd6
28. Bxh7+ Kf8 29. Bg6 Rd8 30. Qh5 Ke7 31. Qh7 Kd7 32. Qxg7+ Qe7 33. Qxe7+ Kxe7
34. f5 Rc7 35. fxe6 Bxe6 36. Bf5 Rd6 37. Rd2 Kf7 38. Bxe6+ Rxe6 39. Rxe6 Kxe6
40. Kg2 Kf5 41. Kf3 Rc1 42. Re2 Rd1 43. Re7 Rd3+ 44. Ke2 Rxd4 45. Rxa7 Rc4 46.
Kd3 Rc1 47. Rb7 Rf1 48. Ke2 Rc1 49. Rxb6 d4 50. f3 Rg1 51. Rb5+ Ke6 52. g4 Rh1
53. h5 Kd6 54. a4 f5 55. Rxf5 Rh2+ 56. Kd3 Rxb2 57. a5 Ra2 58. Kxd4 Re2 59. a6
Ke6 60. Ra5 Rf2 61. a7 Rxf3 62. a8=Q Rf4+ 63. Ke3 Re4+ 64. Qxe4+ 1-0

[Event "FIDE World Bl Team Pool B"]
[Site "London ENG"]
[Date "2025.06.14"]
[Round "2.3"]
[White "Hill, Alistair"]
[Black "Giri, Anish"]
[Result "0-1"]
[BlackTitle "GM"]
[WhiteElo "2178"]
[BlackElo "2748"]
[WhiteTeam "Hammersmith Chess Club"]
[BlackTeam "Hexamind Chess Team"]
[WhiteFideId "432407"]
[BlackFideId "24116068"]
[EventDate "2025.06.14"]
[EventType "team"]

1. d4 Nf6 2. c4 e6 3. Nf3 d5 4. cxd5 exd5 5. Nc3 c6 6. Bg5 Be7 7. e3 Bf5 8. Bd3
Bxd3 9. Qxd3 Nbd7 10. O-O O-O 11. Rab1 a5 12. Rfc1 Re8 13. Na4 Ne4 14. Bf4 Bd6
15. Bxd6 Nxd6 16. Nc5 Nxc5 17. Rxc5 Re7 18. Rc2 g6 19. Ne5 f6 20. Nf3 Kg7 21. b3
Qd7 22. a3 g5 23. Qd2 h5 24. Ne1 h4 25. h3 a4 26. Qe2 Nb5 27. bxa4 Nxd4 28. Qd3
Nxc2 29. Nxc2 Rxa4 30. Nd4 Re4 31. Qb3 b5 32. Qc3 Rc4 33. Qa5 f5 34. Qb6 f4 0-1

[Event "FIDE World Bl Team Pool B"]
[Site "London ENG"]
[Date "2025.06.14"]
[Round "2.4"]
[White "Vidit, Santosh Gujrathi"]
[Black "Stewart, Ashley"]
[Result "1-0"]
[WhiteTitle "GM"]
[WhiteElo "2720"]
[BlackElo "2093"]
[WhiteTeam "Hexamind Chess Team"]
[BlackTeam "Hammersmith Chess Club"]
[WhiteFideId "5029465"]
[BlackFideId "419001"]
[EventDate "2025.06.14"]
[EventType "team"]

1. d4 Nf6 2. Nf3 g6 3. b3 Bg7 4. Bb2 c5 5. dxc5 Qa5+ 6. Nbd2 Qxc5 7. e3 O-O 8.
c4 d6 9. Be2 Nc6 10. O-O Bf5 11. a3 a5 12. Nd4 Nxd4 13. exd4 Qb6 14. Rc1 Ne4 15.
Nf3 Nf6 16. d5 Rfe8 17. Nd4 Bd7 18. Bf3 h5 19. h3 Nh7 20. Qd2 Bf6 21. Rce1 Bg5
22. Qd3 Bf6 23. Bc3 Ng5 24. Bd1 e5 25. dxe6 Nxe6 26. Nf3 Bxc3 27. Qxc3 Nc5 28.
Ng5 Bf5 29. Qf6 Qc7 30. Bf3 Qd7 31. Bd5 Ne6 32. Re3 Ng7 33. Bxf7+ Kh8 34. Bxe8
Rxe8 35. Rfe1 Rc8 36. Re7 1-0

[Event "FIDE World Bl Team Pool B"]
[Site "London ENG"]
[Date "2025.06.14"]
[Round "2.5"]
[White "Ciocan, Maria-Alexandra"]
[Black "Divya, Deshmukh"]
[Result "0-1"]
[BlackTitle "IM"]
[WhiteElo "1998"]
[BlackElo "2463"]
[WhiteTeam "Hammersmith Chess Club"]
[BlackTeam "Hexamind Chess Team"]
[WhiteFideId "1227130"]
[BlackFideId "35006916"]
[EventDate "2025.06.14"]
[EventType "team"]

1. e4 e6 2. d3 c5 3. Nf3 Nc6 4. g3 d5 5. Nbd2 Nf6 6. Bg2 Be7 7. O-O O-O 8. e5
Nd7 9. Re1 Qc7 10. Qe2 f6 11. exf6 Nxf6 12. a3 Bd6 13. c4 Bd7 14. Nb3 Rae8 15.
Be3 b6 16. d4 Ne4 17. dxc5 bxc5 18. Red1 Qb7 19. cxd5 exd5 20. Qc2 d4 21. Bd2
Bg4 22. Re1 Bxf3 23. Bxf3 Rxf3 24. Rxe4 Ref8 25. Qc4+ Kh8 26. Nxc5 Qxb2 27. Rd1
Rxf2 28. Ne6 0-1

[Event "FIDE World Bl Team Pool B"]
[Site "London ENG"]
[Date "2025.06.14"]
[Round "2.1"]
[White "Ghasi, Ameet K"]
[Black "Bansal, Rohan"]
[Result "1-0"]
[WhiteTitle "GM"]
[WhiteElo "2513"]
[BlackElo "2005"]
[WhiteTeam "Sharks 4NCL"]
[BlackTeam "Desert Penguins"]
[WhiteFideId "409200"]
[BlackFideId "425052"]
[EventDate "2025.06.14"]
[EventType "team"]

1. Nf3 Nf6 2. g3 d5 3. Bg2 Bf5 4. d3 e6 5. O-O h6 6. Nc3 c6 7. Nd2 Be7 8. e4 Bh7
9. f4 a5 10. Kh1 Na6 11. Qe2 Qc7 12. Nf3 b5 13. Ne5 O-O 14. g4 d4 15. Nb1 c5 16.
a4 bxa4 17. Na3 Nd7 18. Nxd7 Qxd7 19. Nc4 Rfb8 20. f5 Nb4 21. Bf4 Rb7 22. Qd2
Bf8 23. f6 g5 24. Bg3 Nc6 25. e5 Rb4 26. h4 gxh4 27. Bf4 Qe8 28. Bxh6 Rc8 29.
Bxf8 Qxf8 30. Rae1 Rc7 31. Rf3 Bg6 32. Rh3 a3 33. bxa3 Rb8 34. Rxh4 Qe8 35. Qh6 1-0

[Event "FIDE World Bl Team Pool B"]
[Site "London ENG"]
[Date "2025.06.14"]
[Round "2.2"]
[White "Bharat Kumar, Balahari"]
[Black "Rendle, Thomas E"]
[Result "1/2-1/2"]
[BlackTitle "IM"]
[WhiteElo "2052"]
[BlackElo "2370"]
[WhiteTeam "Desert Penguins"]
[BlackTeam "Sharks 4NCL"]
[WhiteFideId "496464"]
[BlackFideId "408760"]
[EventDate "2025.06.14"]
[EventType "team"]

1. d4 f5 2. c4 Nf6 3. Nc3 d6 4. g3 g6 5. Bg2 Bg7 6. Nf3 O-O 7. O-O Nc6 8. d5 Na5
9. Nd2 c5 10. Qc2 a6 11. b3 Rb8 12. a4 Bd7 13. Bb2 b5 14. axb5 axb5 15. cxb5
Bxb5 16. Rfe1 Bd7 17. Ra3 Qb6 18. Rea1 Nb7 19. Nc4 Qc7 20. Ra7 Qd8 21. e3 g5 22.
Ne2 Kh8 23. R1a6 Bb5 24. Ra1 Bxc4 25. bxc4 Qc8 26. Bc3 Ng4 27. Bxg7+ Kxg7 28. h3
Ne5 1/2-1/2

[Event "FIDE World Bl Team Pool B"]
[Site "London ENG"]
[Date "2025.06.14"]
[Round "2.3"]
[White "Roberson, Peter T"]
[Black "Bansal, Saahil"]
[Result "1-0"]
[WhiteTitle "IM"]
[WhiteElo "2433"]
[BlackElo "1979"]
[WhiteTeam "Sharks 4NCL"]
[BlackTeam "Desert Penguins"]
[WhiteFideId "412384"]
[BlackFideId "438316"]
[EventDate "2025.06.14"]
[EventType "team"]

1. c4 e6 2. Nc3 Nf6 3. Nf3 d5 4. e3 b6 5. cxd5 Nxd5 6. Nxd5 exd5 7. g3 Bb7 8.
Bg2 Bd6 9. O-O O-O 10. b3 Nd7 11. Bb2 Qe7 12. Nd4 Be5 13. Qc2 c5 14. Nf5 Qf6 15.
d4 Rac8 16. dxe5 Nxe5 17. f4 d4 18. fxe5 Qxe5 19. Bxb7 g6 20. Bxc8 Rxc8 21. Bxd4 1-0

[Event "FIDE World Bl Team Pool B"]
[Site "London ENG"]
[Date "2025.06.14"]
[Round "2.4"]
[White "Sedykh, Stakhey"]
[Black "Hryshchenko, Kamila"]
[Result "0-1"]
[BlackTitle "WFM"]
[WhiteElo "1756"]
[BlackElo "2097"]
[WhiteTeam "Desert Penguins"]
[BlackTeam "Sharks 4NCL"]
[WhiteFideId "453064"]
[BlackFideId "14147491"]
[EventDate "2025.06.14"]
[EventType "team"]

1. c4 d6 2. g3 e5 3. Bg2 c6 4. Nc3 f5 5. e3 Nf6 6. Nge2 Be7 7. d4 e4 8. O-O O-O
9. a3 Na6 10. b4 Nc7 11. d5 Bd7 12. Bb2 Be8 13. Qb3 Bf7 14. dxc6 b5 15. a4 bxc4
16. Qc2 a6 17. b5 Rb8 18. Nd4 g6 19. Ba3 Nfd5 20. Nxd5 Bxd5 21. Rab1 axb5 22.
axb5 Na8 23. Bb4 Bf6 24. Bc3 Qe7 25. Rb2 Nb6 26. Ra1 Rfc8 27. h4 Rc7 28. Ra6 Ra7
29. Rba2 Rba8 30. Rxa7 Rxa7 31. Rxa7 Qxa7 32. Qb2 Be5 33. Kh2 Kf7 34. Qa1 Qxa1
35. Bxa1 Ke7 36. Bc3 Kd8 37. Ba5 Bxd4 38. exd4 Kc7 39. Kg1 c3 40. Bxc3 Bc4 41.
Bf1 Bxf1 42. Kxf1 Nd5 43. Bb2 Kb6 44. Ba3 Kxb5 45. Bxd6 Kxc6 46. Bf4 Nxf4 47.
gxf4 Kd5 48. Ke2 Kxd4 49. Kd2 h6 50. Ke1 e3 51. f3 Kd3 52. Kd1 h5 53. Ke1 e2 54.
Kf2 Kd2 0-1

[Event "FIDE World Bl Team Pool B"]
[Site "London ENG"]
[Date "2025.06.14"]
[Round "2.5"]
[White "McCarthy, Kevin C"]
[Black "Ding, Yiwen"]
[Result "1-0"]
[WhiteElo "1942"]
[BlackElo "1844"]
[WhiteTeam "Sharks 4NCL"]
[BlackTeam "Desert Penguins"]
[WhiteFideId "470775"]
[BlackFideId "495980"]
[EventDate "2025.06.14"]
[EventType "team"]

1. d4 Nf6 2. Nc3 d5 3. f3 Bf5 4. e4 dxe4 5. fxe4 Nxe4 6. Qf3 Nd6 7. Bd3 Bxd3 8.
Qxd3 g6 9. Nf3 Bg7 10. O-O O-O 11. Bg5 Nf5 12. Ne2 Qd6 13. Bf4 Qb6 14. c3 e6 15.
Kh1 h5 16. Ng5 Nd7 17. b3 Nf6 18. Rae1 Nd5 19. Bd2 Rad8 20. Ne4 Nde7 21. Qh3 c6
22. Nf4 Qc7 23. Rf3 Nd5 24. Nxh5 gxh5 25. Qxh5 Qe7 26. Rh3 Nh6 27. Bxh6 Bxh6 28.
Qxh6 Nf4 1-0

[Event "FIDE World Bl Team Pool B"]
[Site "London ENG"]
[Date "2025.06.14"]
[Round "2.6"]
[White "Ding, Yihua"]
[Black "Morea, Georgiana-Steluta"]
[Result "0-1"]
[WhiteElo "1536"]
[BlackElo "1920"]
[WhiteTeam "Desert Penguins"]
[BlackTeam "Sharks 4NCL"]
[WhiteFideId "495999"]
[BlackFideId "1204319"]
[EventDate "2025.06.14"]
[EventType "team"]

1. d4 Nf6 2. c4 g6 3. Nc3 Bg7 4. e3 d6 5. Bd2 O-O 6. Nf3 Nbd7 7. Bd3 e5 8. O-O
Re8 9. dxe5 dxe5 10. Bc2 Nc5 11. h3 a6 12. a3 a5 13. Qe2 b6 14. Rfd1 Bb7 15. Na4
Qe7 16. Nxc5 Qxc5 17. Bc3 Ne4 18. Bxe4 Bxe4 19. Rac1 Qc6 20. Nh4 Bf6 21. Nf3 h5
22. Re1 Rad8 23. Red1 Rb8 24. Re1 a4 25. Bb4 Qe6 26. Red1 Qf5 27. Rf1 Bd3 28.
Qe1 Bxf1 29. Qxf1 Rbd8 30. Qe2 Qd3 31. Qxd3 Rxd3 32. Rc2 e4 33. Ne1 Rd1 34. Kf1
c5 35. Bc3 Bxc3 36. Rxc3 Red8 37. Rc2 Rb1 38. Ke2 Rdd1 0-1

[Event "FIDE World Bl Team Pool B"]
[Site "London ENG"]
[Date "2025.06.14"]
[Round "2.1"]
[White "Harvey, Marcus R"]
[Black "O'Gorman, Tom"]
[Result "0-1"]
[WhiteTitle "IM"]
[BlackTitle "IM"]
[WhiteElo "2445"]
[BlackElo "2379"]
[WhiteTeam "Wood Green"]
[BlackTeam "Oxbridge"]
[WhiteFideId "400092"]
[BlackFideId "2508249"]
[EventDate "2025.06.14"]
[EventType "team"]

1. Nf3 d5 2. b3 Nf6 3. Bb2 e6 4. g3 Bd6 5. Bg2 O-O 6. O-O c5 7. e3 Nc6 8. c4 Re8
9. h3 e5 10. cxd5 Nxd5 11. d3 Be6 12. e4 Nc7 13. Kh2 Nb5 14. Nc3 Nbd4 15. Nxd4
Nxd4 16. Ne2 Rc8 17. f4 f6 18. f5 Bf7 19. g4 b5 20. Kh1 Qe7 21. Rc1 Red8 22. Qe1
c4 23. dxc4 bxc4 24. Nxd4 exd4 25. Bxd4 Ba3 26. Rd1 cxb3 27. axb3 Bxb3 28. Rd3
Bc4 29. Rxa3 Qxa3 30. Rf3 Qa4 31. Bg1 Rd1 32. Qe3 Rd3 33. Qxa7 Qxa7 34. Bxa7
Rxf3 35. Bxf3 Re8 36. Kg2 Bd3 37. Kg3 Bxe4 38. Bxe4 Rxe4 39. Kh4 Ra4 40. Bb8 Ra3
41. Bd6 Rb3 42. Be7 Kf7 43. Bc5 g5+ 44. fxg6+ hxg6 45. g5 Rc3 46. Bb6 Rc4+ 47.
Kg3 f5 48. Ba7 Ke6 49. Bb8 Kd5 50. h4 Rg4+ 51. Kh3 Ke4 52. Bc7 Kf3 53. Bd8 Rd4
54. Bf6 Rd1 55. Kh2 Kg4 0-1

[Event "FIDE World Bl Team Pool B"]
[Site "London ENG"]
[Date "2025.06.14"]
[Round "2.2"]
[White "Goh, Jinghan Cameron"]
[Black "Willow, Jonah B"]
[Result "0-1"]
[BlackTitle "IM"]
[WhiteElo "2178"]
[BlackElo "2470"]
[WhiteTeam "Oxbridge"]
[BlackTeam "Wood Green"]
[WhiteFideId "5804540"]
[BlackFideId "438804"]
[EventDate "2025.06.14"]
[EventType "team"]

1. d4 Nf6 2. c4 g6 3. g3 Bg7 4. Bg2 d6 5. Nc3 O-O 6. Nf3 Nc6 7. O-O Bf5 8. Nh4
Bd7 9. e4 e5 10. d5 Nd4 11. h3 Nh5 12. Nf3 Nxf3+ 13. Qxf3 f5 14. exf5 Bxf5 15.
Qe3 Nf6 16. g4 Bd7 17. Ne4 Nxe4 18. Bxe4 Qe7 19. Qg3 Rf7 20. Be3 Raf8 21. Rac1
Bf6 22. Bh6 Re8 23. Qe3 Bg7 24. Bg5 Qf8 25. c5 Bb5 26. Rfd1 Bf6 27. Bh6 Qe7 28.
c6 b6 29. Qa3 a5 30. Qe3 Bh4 31. Rd2 Ba6 32. Kg2 Qf6 33. f3 g5 34. Bf5 Bc8 35.
Bd7 Bxd7 36. cxd7 Rxd7 37. Rdc2 Ree7 38. Qd3 Qxh6 39. Qa6 Qf8 40. a3 Qf4 41. Qf1
Rf7 42. Rc3 Qg3+ 43. Kh1 Rf8 44. Qg2 Rff7 45. Qxg3 Bxg3 46. Kg2 Bf4 47. Re1 Kg7
48. Rc6 Kf8 49. Re2 Ke8 50. Rec2 Kd8 51. Re2 Rde7 52. Re4 Kc8 53. a4 Kb7 54.
Rcc4 Rf8 55. Rc6 Bd2 56. Rc2 Bb4 57. b3 Bc5 58. Rd2 Rf4 59. Ree2 Rd4 60. Rxd4
Bxd4 61. Re4 c6 62. dxc6+ Kxc6 63. h4 d5 64. Re2 h6 65. hxg5 hxg5 66. Re1 Rh7
67. Rc1+ Bc5 0-1